Statistics for U.S. States with the Most Billionaires

Click here to take the quiz!

General Stats

  • This quiz has been taken 11,579 times
    (10,871 since last reset)
  • The average score is 8 of 10

Answer Stats

# State % Correct
106New York
99%
149California
99%
59Texas
96%
54Florida
95%
14Washington
88%
16Illinois
74%
19Massachusetts
71%
12Pennsylvania
61%
13Georgia
61%
14Connecticut
55%

Score Distribution

Percentile by Number Answered

Percent of People with Each Score

Your Score History

You have not taken this quiz since the last reset